000
00297nam a22001097a 4500
008
160614b xxu||||| |||| 00| 0 eng d
020
_a
080772730X
041
_a
eng
080
_a
618.2
245
_a
Nursing history / New perspectives, new possibilities:
_c
Ellen Condliffe Lagemann;
942
_2
udc
_c
BK
999
_c
2499
_d
2499